|
|
|
|
| LEADER |
00000nam a2200000 a 4500 |
| 001 |
vtls008859848 |
| 003 |
SK-MaSNL |
| 005 |
20260301051949.0 |
| 008 |
031216s1567 sz 0 0 lat |
| 015 |
|
|
|a SNBHFA
|
| 035 |
|
|
|a cpl000120617
|
| 040 |
|
|
|a SNKHF
|b slo
|c SNKHF
|e rda
|
| 041 |
0 |
|
|a lat
|
| 044 |
|
|
|a sz
|c CH
|
| 072 |
|
7 |
|a 82
|x Literatúra. Literárny život
|2 konspekt
|
| 080 |
|
|
|a 82
|2 2011
|
| 080 |
|
|
|a 821(37/38)
|2 2001
|
| 080 |
|
|
|a 792.22
|2 2001
|
| 100 |
1 |
|
|a Terentius Afer, Publius,
|d asi 185 pred Kr.-159 pred Kr
|4 aut
|9 194582
|
| 245 |
1 |
1 |
|a [Comoediae sex cum Donati commentariis]
|
| 264 |
|
3 |
|a [Basileae]
|b [apud haered. Nicolai Brylingeri]
|c [1567]
|
| 300 |
|
|
|a 4 nečíslované strany, 643 zachovaných strán
|c 8°
|c 16,5 x 11,5 cm
|
| 336 |
|
|
|a text
|b txt
|2 rdacontent
|
| 337 |
|
|
|a bez média
|b n
|2 rdamedia
|
| 338 |
|
|
|a zväzok
|b nc
|2 rdacarrier
|
| 500 |
|
|
|a Iniciálky s figurálnym pozadím v rámčeku na 6, 7 riadkov, kustódy
|
| 504 |
|
|
|a Marginálie
|
| 510 |
4 |
|
|a Adams T/361
|
| 561 |
|
|
|a Proveniencia: Donavit Bibl. Nittr. - Ex libris [...] Veler Podolag [ ?].
|5 SNK ID 63049
|
| 562 |
|
|
|a Rukopisné poznámky.
|5 SNK ID 63049
|
| 562 |
|
|
|a Defekt: chýba titulný list.
|5 SNK ID 63049
|
| 563 |
|
|
|a Väzba: plátenná.
|5 SNK ID 63049
|
| 650 |
0 |
7 |
|a antická literatúra
|2 SNKPH
|9 92203
|
| 650 |
0 |
7 |
|a divadelná komédia
|2 SNKPH
|9 222612
|
| 650 |
0 |
7 |
|a literatúra
|2 SNKPH
|9 1427
|
| 700 |
1 |
|
|a Donatus, Aelius,
|d 4. storočie
|4 aka
|9 172827
|
| 700 |
1 |
|
|a Brylinger, Nikolaus,
|c dedičia,
|d 16. storočie
|4 prt
|9 72087
|
| 710 |
0 |
|
|a Brylinger, Nikolaus - dedičia (Bazilej, Švajčiarsko),
|d 1565-1600
|4 prt
|9 339035
|
| 710 |
0 |
|
|a piaristi Nitra
|4 fmo
|9 305232
|
| 752 |
|
|
|a Švajčiarsko
|d Bazilej
|
| 852 |
|
|
|a snk
|h ID 63049
|
| 958 |
|
|
|a DA
|
| 958 |
|
|
|a ONDV
|
| 999 |
|
|
|c 604682
|d 606612
|
| 952 |
|
|
|t Tlače 16. storočia
|a SNK
|b SNK
|y PREZ
|7 0
|p 17A1359174
|o snkID 63049
|i snkF 130/75
|0 0
|1 0
|4 0
|d 2021-08-03
|f 1
|l 0
|r 2026-02-23 16:05:25
|w 2026-02-23
|